Plantación del olivo
Guardado en:
| Autor Principal: | |
|---|---|
| Autor Corporativo: | |
| Otros Autores: | |
| Formato: | Electrónico |
| Idioma: | Spanish |
| Publicado: |
San Juan :
Ediciones INTA,
2014.
|
| Materias: | |
| Acceso en línea: | Acceso a texto completo |
| Etiquetas: |
Agregar Etiqueta
Sin Etiquetas, Sea el primero en etiquetar este registro!
|
| LEADER | 00745nmm a22001695a 4500 | ||
|---|---|---|---|
| 001 | EEA.libagro010901 | ||
| 008 | 171013s2014####ag#########m########spa#d | ||
| 005 | 20200901154012.0 | ||
| 245 | 1 | 0 | |a Plantación del olivo |h [recurso electrónico] / |c Luis A. Bueno, Alejandro S. Oviedo. |
| 260 | |a San Juan : |b Ediciones INTA, |c 2014. | ||
| 500 | |a Título tomado de inta.gob.ar (visto el 13 de octubre de 2017). | ||
| 538 | |a Modo de acceso: World Wide Web. | ||
| 100 | 1 | |a Bueno, Luis A. | |
| 700 | 1 | |a Oviedo, Alejandro S. | |
| 710 | 2 | |a Instituto Nacional de Tecnología Agropecuaria. |b Centro Regional Mendoza. | |
| 655 | 7 | |a Libros electrónicos. | |
| 856 | 4 | 0 | |3 Acceso a texto completo |u https://inta.gob.ar/sites/default/files/script-tmp-inta%5Fmanual%5Fplantacion%5Folivo.pdf |
